000 02330nam a22002537a 4500
001 7829
003 FISKH
005 20250811142955.0
008 250811b cb ||||| |||| 00| 0 eng d
020 _a9780062961389
040 _aFISKH
_beng
_cFISKH
_dFISKH
050 _aPL994.W66
082 _a895.73
100 _aSohn, Won-pyung
245 _aAlmond :
_bA novel /
_cBy Won-pyung Sohn : Translated from the Korean by Sandy Joosun Lee
260 _aNew York :
_bHarperVia ,
_c2020.
300 _a259 pages :
_billustrations ;
_c21 cm .
520 _aThe Emissary meets The Curious Incident of the Dog in the Nighttime in this poignant and triumphant story about how love, friendship, and persistence can change a life forever. This story is, in short, about a monster meeting another monster. One of the monsters is me. Yunjae was born with a brain condition called Alexithymia that makes it hard for him to feel emotions like fear or anger. He does not have friends-the two almond-shaped neurons located deep in his brain have seen to that-but his devoted mother and grandmother provide him with a safe and content life. Their little home above his mother's used bookstore is decorated with colorful Post-it notes that remind him when to smile, when to say "thank you," and when to laugh. Then on Christmas Eve-Yunjae's sixteenth birthday-everything changes. A shocking act of random violence shatters his world, leaving him alone and on his own. Struggling to cope with his loss, Yunjae retreats into silent isolation, until troubled teenager Gon arrives at his school, and they develop a surprising bond. As Yunjae begins to open his life to new people-including a girl at school-something slowly changes inside him. And when Gon suddenly finds his life at risk, Yunjae will have the chance to step outside of every comfort zone he has created to perhaps become the hero he never thought he would be. Readers of Wonder by R.J. Palaccio and Ginny Moon by Benjamin Ludwig will appreciate this "resonant" story that "gives Yunjae the courage to claim an entirely different story." (Booklist, starred review) Translated from the Korean by Sandy Joosun Lee.
650 _aComing of age
_vFiction
650 _aSouth Korea
_vFiction
700 _aLee, Sandy Joosun
_eTranslator
942 _2ddc
_cBK
_n0
999 _c7829
_d7829